000
00252nam a22001217a 4500
008
180124b xxu||||| |||| 00| 0 eng d
041
_a
eng
080
_2
4th
_a
62
100
_a
27
101
_a
IM
245
_a
SCR Manual
_c
Adem,aa.a
942
_2
udc
_c
BK
999
_c
40839
_d
40839